| 000 | 00779nam a2200229Ia 4500 | ||
|---|---|---|---|
| 003 | OSt | ||
| 005 | 20250916145155.0 | ||
| 008 | 210719s2003 xx 000 0 und d | ||
| 040 | _cAL | ||
| 041 | _aTulu | ||
| 082 | _aT894.2 GANL | ||
| 100 |
_aGANGADHAR KIDIYUR _dಗಂಗಾಧರ್ ಕಿದಿಯೂರ್ _9238812 |
||
| 245 |
_aillagonji Yodhe _bಇಲ್ಲಗೊಂಜಿ ಯೋಧೆ |
||
| 260 |
_aUdupi _bMadhushri Prakashana _c2003 |
||
| 300 |
_a47 _bPB |
||
| 365 |
_b20 _cRs |
||
| 650 |
_aನೀತಿಬೋಧಕ ಸಾಮಾಜಿಕ ನಾಟಕ nitibodaka samajika nataka _9238813 |
||
| 650 |
_aEllagonji Yodhe _9238828 |
||
| 650 |
_aTulu Drama _9238814 |
||
| 906 | _aIllgonji ; Janapriya ; nataka ; nitibodaka ; samajika ; tulu ; Yodhe | ||
| 942 |
_2ddc _cBK |
||
| 999 |
_c214724 _d214724 |
||